000
00310nam a2200097Ia 4500
008
171211s9999 xx 000 0 und d
245
_a
Encyclopedia of American Indian Contributions to the World
260
_c
2003
650
_x
Encyclopedia and Dictionary
856
_u
http://down.ebook777.com/064/0816040524.pdf
999
_c
350140
_d
350140